Name Every Tubenose - Statistics

General Stats
  • This quiz has been taken 3 times
  • The average score is 35 of 145
Answer Stats
Family Genus Species % Correct
Black-browed Albatross
100%
Black-footed Albatross
100%
Buller's Albatross
100%
Cory's Shearwater
100%
Flesh-footed Shearwater
100%
Fork-tailed Storm-Petrel
100%
Laysan Albatross
100%
Manx Shearwater
100%
Fulmarus Northern Fulmar
100%
Northern Giant-Petrel
100%
Ardenna Pink-footed Shearwater
100%
Pagodroma Snow Petrel
100%
Sooty Shearwater
100%
Southern Fulmar
100%
Procellariidae Macronectes Southern Giant-Petrel
100%
Oceanitidae Oceanites Wilson's Storm-Petrel
100%
Antarctic Prion
50%
Thalassarche Atlantic Yellow-nosed Albatross
50%
Barolo Shearwater
50%
Black-bellied Storm-Petrel
50%
Black Storm-Petrel
50%
Halobaena Blue Petrel
50%
Bulweria Bulwer's Petrel
50%
Common Diving-Petrel
50%
Elliot's Storm-Petrel
50%
Hydrobatidae Hydrobates European Storm-Petrel
50%
Fea's Petrel
50%
Galapagos Petrel
50%
Galapagos Shearwater
50%
Gray-headed Albatross
50%
Great Shearwater
50%
Hutton's Shearwater
50%
Indian Yellow-nosed Albatross
50%
Leach's Storm-Petrel
50%
Least Storm-Petrel
50%
Little Shearwater
50%
Magellanic Diving-Petrel
50%
Pelecanoides Peruvian Diving-Petrel
50%
Phoenix Petrel
50%
Daption Pintado Petrel
50%
Nesofregetta Polynesian Storm-Petrel
50%
Salvin's Prion
50%
Short-tailed Albatross
50%
Slender-billed Prion
50%
Snowy Albatross
50%
Soft-plumaged Petrel
50%
Phoebetria Sooty Albatross
50%
South Georgia Diving-Petrel
50%
Spectacled Petrel
50%
Swinhoe's Storm-Petrel
50%
Tristan Albatross
50%
Phoebastria Waved Albatross
50%
White-capped Albatross
50%
Pelagodroma White-faced Storm-Petrel
50%
Ainley's Storm-Petrel
0%
Amsterdam Albatross
0%
Thalassoica Antarctic Fulmar
0%
Antipodean Albatross
0%
Ashy Storm-Petrel
0%
Atlantic Petrel
0%
Balearic Shearwater
0%
Band-rumped Storm-Petrel
0%
Bannerman's Shearwater
0%
Barau's Petrel
0%
Beck's Petrel
0%
Bermuda Petrel
0%
Black-capped Petrel
0%
Black-vented Shearwater
0%
Black-winged Petrel
0%
Bonin Petrel
0%
Boyd's Shearwater
0%
Broad-billed Prion
0%
Bryan's Shearwater
0%
Buller's Shearwater
0%
Cape Verde Shearwater
0%
Cape Verde Storm-Petrel
0%
Chatham Albatross
0%
Chatham Islands Petrel
0%
Puffinus Christmas Shearwater
0%
Collared Petrel
0%
Cook's Petrel
0%
Pachyptila Fairy Prion
0%
Pseudobulweria Fiji Petrel
0%
Fluttering Shearwater
0%
Fulmar Prion
0%
Gould's Petrel
0%
Garrodia Gray-backed Storm-Petrel
0%
Gray-faced Petrel
0%
Procellaria Gray Petrel
0%
Pterdroma Great-winged Petrel
0%
Guadalupe Storm-Petrel
0%
Hawaiian Petrel
0%
Heinroth's Shearwater
0%
Henderson Petrel
0%
Herald Petrel
0%
Jamaican Petrel
0%
Jouanin's Petrel
0%
Juan Fernandez Petrel
0%
Aphrodroma Kerguelen Petrel
0%
Kermadec Petrel
0%
Light-mantled Albatross
0%
MacGillivray's Prion
0%
Magenta Petrel
0%
Markham's Storm-Petrel
0%
Masatierra Petrel
0%
Mascarene Petrel
0%
Matsudaira's Storm-Petrel
0%
Monteiro's Storm-Petrel
0%
Mottled Petrel
0%
Murphy's Petrel
0%
New Caledonian Storm-Petrel
0%
Newell's Shearwater
0%
New Zealand Storm-Petrel
0%
Diomedeidae Diomedea Northern Royal Albatross
0%
Parkinson's Petrel
0%
Persian Shearwater
0%
Pincoya Storm-Petrel
0%
Providence Petrel
0%
Pycroft's Petrel
0%
Rapa Shearwater
0%
Ringed Storm-Petrel
0%
Salvin's Albatross
0%
Sargasso Shearwater
0%
Scopoli's Shearwater
0%
Short-tailed Shearwater
0%
Southern Royal Albatross
0%
Stejneger's Petrel
0%
Calonectris Streaked Shearwater
0%
Subantarctic Shearwater
0%
Tahiti Petrel
0%
Townsend's Shearwater
0%
Townsend's Storm-Petrel
0%
Trindade Petrel
0%
Tristram's Storm-Petrel
0%
Tropical Shearwater
0%
Vanuatu Petrel
0%
Wedge-rumped Storm-Petrel
0%
Wedge-tailed Shearwater
0%
Westland Petrel
0%
Fregetta White-bellied Storm-Petrel
0%
White-chinned Petrel
0%
White-headed Petrel
0%
White-necked Petrel
0%
Yelkouan Shearwater
0%
Zino's Petrel
0%
No matching quizzes found
Score Distribution
Percent of People with Each Score
Percentile by Number Answered
Your Score History
You have not taken this quiz